[Event "Oakham Young Masters"]
[Site "Oakham"]
[Date "1986.04.02"]
[Round "1"]
[White "Wells, Peter K"]
[Black "Dawson, Craig R"]
[Result "1/2-1/2"]
[WhiteElo "2400"]
[BlackElo "2275"]
[PlyCount "69"]
[EventDate "1986.04.02"]
[EventType "swiss"]
[EventRounds "9"]
[EventCountry "ENG"]
[SourceTitle "BritBase"]
[Source "John Saunders"]
[SourceDate "2020.09.07"]
[SourceVersion "1"]
[SourceVersionDate "2020.09.07"]
[SourceQuality "2"]

1. d4 Nf6 2. c4 e6 3. Nc3 Bb4 4. e3 c5 5. Nge2 d5 6. a3 Bxc3+ 7. Nxc3 cxd4 8.
exd4 dxc4 9. Bxc4 Nc6 10. Be3 O-O 11. O-O h6 12. Ba2 Ne7 13. Bf4 b6 14. Be5
Ned5 15. Qf3 Bb7 16. Bxf6 Qxf6 17. Bxd5 Bxd5 18. Qxf6 gxf6 19. Nxd5 exd5 20.
Rfe1 Rfe8 21. Kf1 Rxe1+ 22. Kxe1 Rc8 23. Kd2 Kg7 24. Re1 Rc7 25. b3 Kf8 26. Rc1
Rd7 27. Rc6 Ke7 28. Kd3 Rd6 29. Rc7+ Rd7 30. Rxd7+ Kxd7 31. b4 Ke6 32. Ke3 b5
33. Kf4 f5 34. f3 Kf6 35. h4 1/2-1/2

[Event "Oakham Young Masters"]
[Site "Oakham"]
[Date "1986.04.03"]
[Round "2"]
[White "Thomas, Ian L"]
[Black "Conquest, Stuart"]
[Result "1/2-1/2"]
[WhiteElo "2325"]
[BlackElo "2400"]
[PlyCount "107"]
[EventDate "1986.04.02"]
[EventType "swiss"]
[EventRounds "9"]
[EventCountry "ENG"]
[SourceTitle "BritBase"]
[Source "John Saunders"]
[SourceDate "2020.09.07"]
[SourceVersion "1"]
[SourceVersionDate "2020.09.07"]
[SourceQuality "2"]

1. e4 c5 2. Nf3 e6 3. d4 cxd4 4. Nxd4 Nc6 5. Nc3 a6 6. f4 Qc7 7. Be3 Bb4 8. Bd3
Nf6 9. Qf3 d6 10. Nde2 Na5 11. Qg3 O-O 12. Bd4 Ne8 13. a3 Bc5 14. Bxc5 dxc5 15.
e5 Kh8 16. Qe3 Qe7 17. O-O Nc7 18. Rf3 Nd5 19. Qf2 b6 20. Rh3 f5 21. exf6 Nxf6
22. Ne4 h6 23. c4 e5 24. Nxf6 Qxf6 25. Rf3 e4 26. Bxe4 Bb7 27. Bxb7 Qxb2 28.
Rd1 Nxb7 29. f5 Rad8 30. Rxd8 Rxd8 31. Qe3 Rd1+ 32. Kf2 Qf6 33. Nc3 Qh4+ 34.
Rg3 Rd8 35. Qe5 Qd4+ 36. Qxd4 Rxd4 37. Nd5 Nd6 38. Rg6 Nxc4 39. Nxb6 Nxa3 40.
Kf3 Nc2 41. Rc6 Ne1+ 42. Ke2 Nxg2 43. Rxc5 Kg8 44. Ra5 Kf7 45. Rxa6 Kf6 46. Ra5
Nh4 47. Ke3 Rd6 48. Nc4 Rc6 49. Ne5 Nxf5+ 50. Kf4 g5+ 51. Kg4 Rd6 52. Nd7+ Rxd7
53. Rxf5+ Kg6 54. Ra5 1/2-1/2